Quizzes
Events
Quiz Creation
Community
Videos
Private Events
Remove Ads
Sign In
Join for FREE
Feedback
Dark Mode
Quiz Categories
Sports
Geography
Music
Movies
Television
Just For Fun
Miscellaneous
History
Literature
Language
Science
Gaming
Entertainment
Religion
Holiday
For Kids
Quiz Lab
Recent
Popular Today
Quiz Kudos Today
Editor Picks
Curator Picks
Quizzes by...
Day
Popularity
Type
Ratings
Length
Year
Community
Subscriptions
Recent Discussions
Orange Saloon
Badges
Playlists
Quests
Create
Leaderboards
Showdown
Live 5
Trivia Bingo
Activity
Puzzle Library
Sporcle Events
Private Events
Virtual Trivia
Globe League
Become a Host
Pub Owners
SporcleCon
Opinionation
Our Games
Videos
Blog
Mobile Apps
Partnerships
Remove Ads and Go Orange
Feedback
Sports
Athletes
MLB
NBA
NHL
NFL
Soccer
Sports Teams
WWE
NCAA
Football
Premier League
Basketball
Baseball
Hockey
Golf
Tennis
Cricket
Rugby
Auto Racing
Olympics
World Cup
Sports
Athletes
MLB
NBA
NHL
NFL
Soccer
Sports Teams
WWE
NCAA
Football
Premier League
Basketball
Baseball
Hockey
Golf
Tennis
Cricket
Rugby
Auto Racing
Olympics
World Cup
Random Quiz
Search Sporcle
×
Quiz Lab
Quiz Lab
Sports
MLB
Type in answers that appear in a list
Type in answers that appear in a list
Classic
Best Score? Go Orange.
MLB Cryptogram Stats
Can you name the MLB Cryptogram?
By
Romper04345
7m
30 Questions
504 Plays
504 Plays
504 Plays
Comments
Comments
Give Quiz Kudos
Give Quiz Kudos
-
- Ratings
hide this ad
Forced Order
Answers have to be entered in order
Answers have to be entered in order
Random Order
Randomize order of answers
Randomize order of answers
Replay
Link that replays current quiz
Next Quiz
Link to next quiz in quiz playlist
You Got
0%
They Got
Avg Score
84%
Avg Friend Score
Upgrade to see
Score Distribution
Jump to the score distribution portion of the page
Score
0/30
Timer
07:00
0
Plays Today
Cryptogram
Team
% Correct
MRJ YBE
RED SOX
96.2%
MRJY
REDS
95%
ZUCHR YBE
WHITE SOX
94.2%
MFOY
RAYS
93.5%
DRHY
METS
90.9%
OFGPRRY
YANKEES
89.7%
BMCBTRY
ORIOLES
88.1%
WXKY
CUBS
87.7%
KTXR LFOY
BLUE JAYS
86.5%
JCFDBGJKFWPY
DIAMONDBACKS
86.3%
CGJCFGY
INDIANS
86.1%
FYHMBY
ASTROS
85.9%
MFGQRMY
RANGERS
85.3%
JBJQRMY
DODGERS
85.1%
GFHCBGFTY
NATIONALS
85.1%
Cryptogram
Team
% Correct
FGQRTY
ANGELS
84.5%
MBOFTY
ROYALS
84.3%
FHUTRHCWY
ATHLETICS
83.9%
HZCGY
TWINS
83.7%
HCQRMY
TIGERS
82.5%
QCFGHY
GIANTS
82.5%
KMFIRY
BRAVES
82.3%
WFMJCGFTY
CARDINALS
82.3%
MBWPCRY
ROCKIES
81.3%
DFMTCGY
MARLINS
81%
DFMCGRMY
MARINERS
80%
KMRZRMY
BREWERS
79.4%
SCMFHRY
PIRATES
75.2%
SUCTTCRY
PHILLIES
74.8%
SFJMRY
PADRES
73.2%
Quiz Playlist
Details
Report
Send in Message
Add To Playlist
Classic:
Type in answers that appear in a list
Forced Order:
Answers have to be entered in order
Random Order:
Randomize order of answers
Last Updated: Feb 16, 2017
Quiz Scoreboard
CHALLENGE
Sign Up to Join the Scoreboard
Show All
Scores
Hide
Comments
May contain spoilers
Recently Published
9x9 Crossword: Cartoon Network
by jackfrog10
Miscellaneous
3m
College Basketball Coaching Resumes
by pancakes188
Sports
9m
Billboard Blitz: Fleetwood Mac
by CooCooCachoo
Music
15s
More to Explore
Quiz From the Vault
Featured Blog Post
Where Did the Easter Bunny Come From?
hide this ad
You Might Also Like...
Tags
Baseball Quiz
MLB Quiz
Cryptogram
Major League
name
team
Today's Top Quizzes in Sports
Browse Sports
hide this ad
Today's Top Quizzes in MLB
Browse MLB
Top Contributed Quizzes in Sports
1
2022 World Cup Stars
2
Les meilleurs buteurs des matchs entre le PSG et l’OM
3
FIFA Club World Cup Champions
4
Les entraîneurs de l'OM et du PSG au 21e siècle
5
Criteria MLB: Left Handed Sluggers
6
AFC Teams Reveal (Wrong Answers Minefield)
7
2023 MLB Unique Player Accomplishments
8
5-to-1: FBS Animal Nicknames
9
Players with Multiple 50 Home Run Seasons
10
5-to-1: UK Sports Teams
Explore More
Trending Topics
Crossword
Anime
Harry Potter
Kpop
Disney
NBA
Marvel
WWE
Song
Country
Soccer
Puzzle
The Office
NFL
Pokémon
hide this ad
More By:
Romper04345
Quiz
Plays
Rating
Category
Featured
Created
WWE / WWF Wrestlers Weighing 290 and Over
12,487
4.11
Sports
Feb 4, 2012
Family Feud
6,346
3.22
Entertainment
Feb 16, 2011
WWE Wrestling Trivia
3,817
3.93
Sports
Jan 15, 2011
NFL Players by Jersey Number (2010)
3,104
3.48
Sports
Dec 29, 2010
NFL Cryptogram
3,070
4.39
Sports
Feb 1, 2011
Go to Creator's Profile
Score Distribution
Quiz Creator Spotlight
Romper04345
Follow
Send a Message
Quizzes Created
-
Created Quiz Play Count
-
More By This Creator
Popular Quizzes Today
1
Find the US States - No Outlines Minefield
2
Find the Countries of Europe - No Outlines Minefield
3
The Countries of the World
4
Find the US States
5
Risky Map Clicking: Biggest States A-Z
6
US States
7
Popular People in 1961
8
Movies - When Are They Set?
More Sports Quizzes
Paint by Letter: Pacers
Curator's Pick
Trending Quizzes
Risky Map Clicking: Least Populous States A-Z
1-10 Letter G Words
1-10 Letter F Words
Risky Map Clicking: Next State Alphabetically
Adjectives in 80s TV Shows
Recently Updated
Leaping Animals
pecheneg
Reality TV Shows (A-Z)
bhenderson79
Rickey Henderson's Hall of Fame Teammates
pecheneg
Champions League XIs: Arsenal
pecheneg
Quick Pick: Celebrities in WWE's Hall of Fame
aduchscher
A-Z Keypad Blitz II
pecheneg
Multiple Oscar Actors
pecheneg
Mystery Phrase Blitz: Oscar 'Best Actors'
pecheneg
F. Scott Fitzgerald Novels
LTH
Pick 3 Villains
ddd62291
Trending Topics
Marvel
NBA
Disney
Anime
Kpop
Harry Potter
Crossword
WWE
The Office
Song
Pokémon
NFL
Country
Soccer
Puzzle
Your Account Isn't Verified!
In order to create a playlist on Sporcle, you need to verify the email address you used during registration. Go to your
Sporcle Settings
to finish the process.
Report this User
Report this user for behavior that violates our
Community Guidelines
.
Details:
Send Report
Go to the Sporcle.com Mobile Site →
Comments